| 000 | 00658nam a2200265Ia 4500 | ||
|---|---|---|---|
| 003 | OSt | ||
| 005 | 20250718105324.0 | ||
| 008 | 210210b2019 xxu||||| |||| 00| 0 eng d | ||
| 020 | _a9788183184779 | ||
| 040 | _cAL | ||
| 041 | _aeng | ||
| 082 | _a343.0998 RAYM | ||
| 100 |
_aRayudu C S _9135417 |
||
| 245 | _aMass media laws and regulations | ||
| 260 |
_aMumbai _bHimalaya Publishing House _c2019 |
||
| 300 | _a293p | ||
| 650 |
_aregulations _9135418 |
||
| 650 |
_amedia _9135419 |
||
| 650 |
_aMass _9135420 |
||
| 650 |
_alaws _9135421 |
||
| 690 |
_aPublic Law _9135422 |
||
| 700 |
_aNageswar S B Rao _9135423 |
||
| 906 | _a073251 | ||
| 942 |
_2ddc _cBK |
||
| 999 |
_c93648 _d93648 |
||